| 000 | 00973nam a22002891 4500 | ||
|---|---|---|---|
| 001 | 11640 | ||
| 003 | BD-RjUL | ||
| 005 | 20211208235146.0 | ||
| 008 | 140127r19701965ii a 001 0 eng | ||
| 035 | _a(BD-RjUL)11689 | ||
| 040 |
_aDLC _cDLC _dDLC _dBD-RjUL _beng |
||
| 041 | _aeng | ||
| 082 | 0 | 0 |
_223 _a576.5 _bSRG1965 |
| 100 | 1 |
_aSrb, Adrian M. _936001 |
|
| 245 | 1 | 0 |
_aGeneral genetics / _cby Adrian M. Srb, Ray D. Owen and Robert E. Edgar. |
| 250 | _a2nd ed. | ||
| 260 |
_aLodon : _bSan Francisco, W.H. Freeman. , _cc1965 [Reprint1970] |
||
| 300 |
_ax, 557 p. : _billus. ; _c25 cm. |
||
| 490 | 0 | _aSeries of books in biology (W.H. Freeman and Company) | |
| 500 | _aIncludes index. | ||
| 650 | 0 |
_aGenetics. _936002 |
|
| 700 | 1 |
_aOwen, Ray David, _d1915- _ejoint author. _936003 |
|
| 700 | 1 |
_aEdgar, Robert S., _ejoint author. _936004 |
|
| 830 |
_aSeries of books in biology (W.H. Freeman and Company) _9160074 |
||
| 942 |
_2ddc _cBK |
||
| 999 |
_c11640 _d11640 |
||